<Die> Bedeutung eines EG-Beitritts Griechenlands für die Überwindung von Unterentwicklung Inaugural-Dissertation

Guardado en:
Detalles Bibliográficos
Autor principal: Koumoundouros, Zois
Formato: Libro
Lenguaje:alemán
Publicado: Frankfurt am Main J.W. Goethe-Universität 1979
Etiquetas: Agregar Etiqueta
Sin Etiquetas, Sea el primero en etiquetar este registro!

MARC

LEADER 00000nam a2200000 4500
001 c142596
005 20140320091212.5
041 0 |a ger 
044 |a DE 
245 1 0 |a <Die> Bedeutung eines EG-Beitritts Griechenlands für die Überwindung von Unterentwicklung  |b Inaugural-Dissertation  |c Zois Koumoundouros 
264 1 |a Frankfurt am Main  |b J.W. Goethe-Universität  |c 1979 
300 |a 265 s. 
100 1 |a Koumoundouros, Zois